| 000 | 00718nam a2200241 a 4500 | ||
|---|---|---|---|
| 999 |
_c11031 _d11031 |
||
| 001 | 11031 | ||
| 003 | BD-JhCC | ||
| 005 | 20191022134019.0 | ||
| 008 | 190727b 201 bg |||| ||a| 001 0 ben d | ||
| 020 | _a9847011701592 | ||
| 035 | _a(BD-JhCC)11031 | ||
| 040 |
_aBD-JhCC _dBD-JhCC |
||
| 041 | _aben | ||
| 082 |
_a530.12 _bALI 2010 |
||
| 100 | _aএলিয়েন, রেজা | ||
| 245 |
_aকণা কোয়ান্টাম / _cরেজা এলিয়েন । |
||
| 260 |
_aঢাকাঃ _bরোদেলা; _c২০১০. |
||
| 300 |
_a২০৮ পৃঃ। . : _bill; _c২১ সেমি. |
||
| 650 | _aQuantum Theory | ||
| 650 | _aPhyesics | ||
| 942 |
_2ddc _cBK _01 |
||